00515nam a2200193 a 4500001001300000003000900013005001700022008004100039020002300080082001700103100002100120245003900141260004200180300000900222500003500231505001400266650002000280700002100300nice12345678IN_TiNIC20260116013757.0050524s2000 newa grp 000 0 eng  a8177554 c89500a294.542bSAD aSadhu, Santideva aTraditions of Mysticism in Bengal. aNew Delhi bCosmo Publications c2000 a292p aincludes index and biblioraphy2 afootnotes aMysticism-Hindu1 aSadhu, Santideva